000
00316nam a2200121Ia 4500
008
191014s9999 xx 000 0 und d
082
_a
530
_b
AND
100
_a
E.E.Anderson
_9
20298
245
0
_a
Modern Physics And Quantum Mechanics
260
_a
India
_b
Macmillan of India
_c
1979
300
_a
Xi,430
942
_c
BK
999
_c
530869
_d
530869